| 000 | 01429cam a22002654a 4500 | ||
|---|---|---|---|
| 999 |
_c126902 _d126902 |
||
| 001 | 15180764 | ||
| 003 | ARRUPE | ||
| 005 | 20170905092149.0 | ||
| 008 | 080214s2008 mnu 001 0 eng | ||
| 010 | _a 2008006583 | ||
| 020 | _a9780800663162 (pbk. : alk. paper) | ||
| 040 |
_aDLC _cDLC _dDLC |
||
| 050 | 0 | 0 |
_aBT736.4 _b.C458 2008 |
| 082 | 0 | 0 |
_a248.8/6 _222 |
| 100 | 1 |
_aChilds, James M., _d1939- _97580 |
|
| 245 | 1 | 4 |
_aThe way of peace : _bChristian life in face of discord / _cby James M. Childs, Jr. |
| 260 |
_aMinneapolis, MN : _bFortress Press, _cc2008. |
||
| 300 |
_ax, 149 p. ; _c22 cm. |
||
| 500 | _aIncludes index. | ||
| 505 | 0 | _aThe way of peace and Christian faith -- Peace longing -- Peace promise -- Estrangement -- Loss of meaning and the peace promise -- Blessed are the peacemakers -- The church as peacemaker -- Justice as a way of life -- Peacemakers in a world of war. | |
| 650 | 0 |
_aPeace _xReligious aspects _xChristianity. _935612 |
|
| 856 | 4 | 1 |
_3Table of contents only _uhttp://www.loc.gov/catdir/toc/ecip0811/2008006583.html |
| 906 |
_a7 _bcbc _corignew _d1 _eecip _f20 _gy-gencatlg |
||
| 942 |
_2lcc _cMONOGRAPH |
||